Style.HERSCHBERG-PIERROT (Anne) (dir.), Balzac et le style, Paris, SEDES, « Collection du Bicentenaire », 1998, 192 p. (notice n° 2211166)
[ vue normale ]
| 000 -LEADER | |
|---|---|
| fixed length control field | 00552cam a2200145 4500500 |
| 005 - DATE AND TIME OF LATEST TRANSACTION | |
| control field | 20260412000933.0 |
| 041 ## - LANGUAGE CODE | |
| Language code of text/sound track or separate title | fre |
| 042 ## - AUTHENTICATION CODE | |
| Authentication code | dc |
| 100 10 - MAIN ENTRY--PERSONAL NAME | |
| Personal name | Gleize, Joëlle |
| Relator term | author |
| 245 00 - TITLE STATEMENT | |
| Title | Style.HERSCHBERG-PIERROT (Anne) (dir.), Balzac et le style, Paris, SEDES, « Collection du Bicentenaire », 1998, 192 p. |
| 260 ## - PUBLICATION, DISTRIBUTION, ETC. | |
| Date of publication, distribution, etc. | 2001.<br/> |
| 500 ## - GENERAL NOTE | |
| General note | 86 |
| 786 0# - DATA SOURCE ENTRY | |
| Note | L'Année balzacienne | 2 | 1 | 2001-03-01 | p. 347o-393o | 0084-6473 |
| 856 41 - ELECTRONIC LOCATION AND ACCESS | |
| Uniform Resource Identifier | <a href="https://shs.cairn.info/revue-l-annee-balzacienne-2001-1-page-347o?lang=fr&redirect-ssocas=7080">https://shs.cairn.info/revue-l-annee-balzacienne-2001-1-page-347o?lang=fr&redirect-ssocas=7080</a> |
Pas d'exemplaire disponible.




Réseaux sociaux